London Building Acts (Amendment) Act 1939, S.20. Code of practice for buildings of excess height and / or additional cubical extent requiring approval under Section 20 of the London Building Acts (Amendment) Act 1939 (Record no. 90298)

MARC details
000 -LEADER
fixed length control field 00627cam a2200181 4500
001 - CONTROL NUMBER
control field D5159
008 - FIXED-LENGTH DATA ELEMENTS--GENERAL INFORMATION
fixed length control field 090401t1974 xxu||||| |||| 00| 0 eng d
035 ## - SYSTEM CONTROL NUMBER
System control number (Sirsi) u36488
041 ## - LANGUAGE CODE
Language code of text/sound track or separate title eng
050 ## - LIBRARY OF CONGRESS CALL NUMBER
Classification number 692.209421
110 ## - MAIN ENTRY--CORPORATE NAME
Corporate name or jurisdiction name as entry element Greater London Council
9 (RLIN) 1146
245 ## - TITLE STATEMENT
Title London Building Acts (Amendment) Act 1939, S.20. Code of practice for buildings of excess height and / or additional cubical extent requiring approval under Section 20 of the London Building Acts (Amendment) Act 1939
260 ## - PUBLICATION, DISTRIBUTION, ETC.
Place of publication, distribution, etc. London
Name of publisher, distributor, etc. Greater London Council
Date of publication, distribution, etc. 1974
300 ## - PHYSICAL DESCRIPTION
Extent 78p. 30cm
350 ## - PRICE (NR) (BK AM CF MU VM SE) [OBSOLETE]
Price 0.65
942 ## - ADDED ENTRY ELEMENTS (KOHA)
Suppress in OPAC 0
948 ## - LOCAL PROCESSING INFORMATION (OCLC); SERIES PART DESIGNATOR (RLIN)
c (OCLC) 04/03/1997
Holdings
Withdrawn status Lost status Source of classification or shelving scheme Damaged status Not for loan Home library Current library Shelving location Date acquired Cost, normal purchase price Total Checkouts Full call number Barcode Date last seen Date last checked out Copy number Cost, replacement price Price effective from Koha item type
    Dewey Decimal Classification     London London Basement 14/09/1999 0.65 3 SHELF 328 30018199 06/08/2019 22/02/2002 1 0.65 06/08/2019 Book